=LDR 00000nam 2200000 4500 =001 000560 =005 20250711124052 =035 ##$$a 0010-0725000428 =007 ta =008 250711################a##########0#ind## =020 ##$$a 978-623-307-976-1 =082 ##$$a 398.209 598 =084 ##$$a 398.209 598 LAR s =100 #$$a Largillier, Cyrille =245 1#$$a Semua Berhak Mandi! /$c Cyrille Largillier =250 ##$$a cetakan pertama =260 ##$$a Jakarta :$b Badan pengembangan dan pembinaan bahasa,$c 2022 =300 ##$$a 20 hlm. : $b ilus. ; $c 22,9 cm$e 398.209 598 =650 #4$$a Cerita Anak Indonesia =856 ##$$a TBM As Suhada =990 ##$$a TBM03210321